=LDR 00000nam 2200000 4500 =001 INLIS000000000039141 =005 20130612144806 =008 ***********************************ind** =035 ##$$0010-061300000039141 =041 ##$$a ind =082 ##$$a 813 =090 ##$$a 813, Bav s =100 ##$$a barton, baverly =245 ##$$a silent killer =260 ##$$a dastan books $b jakarta =300 ##$$a 482 hlm, 21 cm =850 ##$$a NBPNMAT